| 000 | 01545cam a22003857a 4500 | ||
|---|---|---|---|
| 003 | CHAP | ||
| 005 | 20220817043532.0 | ||
| 008 | 990520d1996 mx b r 00110 spa d | ||
| 010 | _a77866 | ||
| 011 | _a78838 | ||
| 035 | _a88939 | ||
| 040 | _cCHAP | ||
| 090 | _aTesis | ||
| 100 | 0 | 0 |
_aSosa Martínez, Arminda. _9108812 |
| 245 | 1 | 0 |
_aFactibilidad agroecológica para la producción de palma camedor (Chamaedorea elegans Max.) y nuez de macadamia (Macadamia integrifolia Maiden & Betche) en los cafetales de la región de Atoyac, Veracruz _c/ por Arminda Sosa Martínez |
| 260 |
_aTepetates, Mpio. M.F. Altamirano, Ver. : _bEl autor, _c1996. |
||
| 300 |
_a141 h. : _bgráfs. , mapas |
||
| 502 | _aTesis (M.C. Esp. en Agroecosistemas Tropicales) -- Colegio de Postgraduados. Instituto de Recursos Naturales. Campus Veracruz. Programa de Agroecosistemas Tropicales | ||
| 590 |
_aALEPH _b10 _c20130110 _lUCH01 _h1429 |
||
| 590 |
_aBATCH-UPD _b10 _c20130110 _lUCH01 _h0258 |
||
| 590 |
_aBATCH-UPD _b10 _c20130110 _lUCH01 _h1937 |
||
| 590 |
_aBATCH-UPD _b10 _c20130409 _lUCH01 _h2329 |
||
| 590 |
_aBATCH-UPD _b10 _c20130914 _lUCH01 _h0811 |
||
| 590 |
_aCONVERSION _b10 _c20130109 _lUCH01 _h1343 |
||
| 650 | 1 | 4 |
_aCafé _zVeracruz. |
| 650 | 1 | 4 |
_aCultivos asociados. _930370 |
| 650 | 1 | 4 |
_aEcología agrícola. _935165 |
| 650 | 1 | 4 |
_aMacadamia. _969327 |
| 650 | 1 | 4 |
_aPalma camedor. _984941 |
| 650 | 1 | 4 |
_aSistemas de cultivo. _9106746 |
| 901 | _aBK | ||
| 905 | _aBlanca M. García O. | ||
| 942 | _cTESIS | ||
| 949 |
_bBC _cTES _d889391 _eTS1 _h33978 _i88939 _sb |
||
| 999 |
_c77866 _d77866 |
||